Introducción al análisis de riesgos /

Libro sobre el análisis de riesgos y la gestión de la seguridad. Contenido: Introducción al análisis de riesgos; Marco teórico de análisis de riesgos; Método de encuesta (Auditoría o definición del elemento esencial de análisis); Metodología general para los análisis de riesgos; Propuesta metodológi...

Повний опис

Збережено в:
Бібліографічні деталі
Автор: Martínez Ponce de León, Jesús Guadalupe (autor)
Формат: Книга
Мова:Іспанська
Опубліковано: México : Limusa, 2001, c2001
Предмети:
Теги: Додати тег
Немає тегів, Будьте першим, хто поставить тег для цього запису!

MARC

LEADER 00000nam^a2200000^a^4500
001 000152744
005 20250521000000.0
009 20260310100255.396
020 |a 968-18-6153-1 
037 |a Acervo ITESO - Biblioteca 
041 |a ESP 
082 |a 363. 1  |b MAR 
100 |a Martínez Ponce de León, Jesús Guadalupe  |e (autor) 
245 1 0 |a Introducción al análisis de riesgos /  |c J.G. Martínez Ponce de León. 
264 4 |a México :  |b Limusa,  |c 2001, c2001 
300 |a 218 p. 
336 |a texto  |b txt  |2 rdacontenido 
337 |a sin mediación  |b n  |2 rdamedio 
338 |a volumen  |b nc  |2 rdasoporte 
520 |a Libro sobre el análisis de riesgos y la gestión de la seguridad. Contenido: Introducción al análisis de riesgos; Marco teórico de análisis de riesgos; Método de encuesta (Auditoría o definición del elemento esencial de análisis); Metodología general para los análisis de riesgos; Propuesta metodológica; Entorno normativo; Acciones de emergencia o contingencia; Glosario de términos y abreviaturas usados en las etiquetas de las MSDS; Guía de la elaboración de un manual de prevención de riesgos. 
649 |a XX 
650 |a Riesgo Ambiental -  |x Administración 
650 |a Riesgo Ambiental -  |x Prevención 
650 |a Desastres 
650 |a Riesgos y Accidentes Laborales 
650 |a Seguridad Industrial 
650 |a Protección Civil 
650 |a Salud Pública 
650 |a Seguridad Social 
650 |a Conservación y Protección Ambiental 
650 |a Auditoría Ambiental 
650 |a Emergencia Ambiental 
650 |a Desarrollo Sustentable 
650 |a Política Ambiental 
650 |a Ingeniería Industrial 
650 |a Ingeniería Ambiental 
650 |a Ecología 
650 |a Seguridad Pública 
650 |a Ciencias Administrativas 
910 |a Fondo General 
920 |a Impresos - Libros 
930 |a Colección General 
905 |a 101 
901 |a 0500081545  |b IT1  |c ACC  |u 20250521 
902 |a https://opac.biblio.iteso.mx/vufind/Record/000152744